Teams in europe's top five leagues beginning with B - Statistics

General Stats
  • This quiz has been taken 18 times
  • The average score is 5 of 7
Answer Stats
Hint Answer % Correct
England Brighton
93%
Italy Bologna
87%
England Bournemouth
80%
England Brentford
80%
Spain Barcelona
67%
Germany Bayern
67%
France Brest
53%
No matching quizzes found
Score Distribution
Percent of People with Each Score
Percentile by Number Answered
Your Score History
You have not taken this quiz